Comida que começa com B - Statistics

Estatísticas Gerais
  • Esse quiz foi jogado 389 vezes
  • A pontuação média é 7 de 22
Estatísticas das Respostas
Hint Resposta % Correto
5. Banana
87%
17. Bolo
79%
10. Batata
60%
16. Biscoito
55%
7. Berinjela
49%
1. Bacon
48%
2. Bacalhau
44%
13. Beterraba
43%
8. Brigadeiro
42%
14. Bife
39%
11. Batata doce
23%
12. Batata frita
23%
20. Broa
13%
3. Baguete
12%
19. Brioche
12%
21. Brownie
12%
4. Brócolos
5%
22. Burrito
5%
9. Barra de cereal
3%
6. Bolachas
3%
15. Bife à Parmegiana
1%
18. Bombocas
0%
Nenhum quiz correspondente encontrado
Distribuição das Pontuações
Porcentagem de Pessoas com Cada Pontuação
Percentil de Números Respondidos
Sua Pontuação Histórica
Você não jogou esse quiz